000
00323nam a22001457a 4500
008
211012b ||||| |||| 00| 0 eng d
020
_a
0534005403
041
_a
eng
080
_a
573
082
_a
573
100
_a
11
101
_a
BIO
245
_a
Biology The Unity and Diversity of Life
_c
Kirk,D
942
_2
udc
_c
BK
999
_c
58176
_d
58176